|
|
|
|
| LEADER |
00846cam a22002055i 4500 |
| 020 |
|
|
|a 9780670088256 (hardback)
|
| 020 |
|
|
|a 0670088250 (hardback)
|
| 082 |
0 |
4 |
|a 607.11542
|b SUR/F
|
| 245 |
0 |
4 |
|a The fourth IIT :
|b the sage of IIT Kanpur (1960-2010) /
|c edited by Surya Pratap Mehrotra, Prajapati Prasad Sah.
|
| 260 |
|
|
|a Gurgaon:
|b Penguin,
|c 2015.
|
| 300 |
|
|
|a xv, 431 pages, 24 unnumbered pages of plates :
|b illustrations (black and white, and color) ;
|
| 500 |
|
|
|a Copyright: IIT Kanpur.
|
| 650 |
|
0 |
|a Technical Institutes
|z India
|z Kanpur
|
| 650 |
|
0 |
|a IIT Kanpur
|z India
|
| 650 |
|
0 |
|a Technology
|
| 700 |
1 |
|
|a Surya Pratap Mehrotra
|
| 700 |
1 |
|
|a Prajapati Prasad Sah
|
| 942 |
|
|
|c BK
|
| 999 |
|
|
|c 59687
|d 59687
|
| 952 |
|
|
|0 0
|1 0
|4 0
|6 607_115420000000000_SUR_F
|7 0
|9 83092
|a SSUS
|b SSUS
|c STACKS
|d 2016-03-30
|g 699.00
|o 607.11542 SUR/F
|p 081779
|r 2016-03-30
|w 2016-03-30
|y BK
|